| 000 | 01341nam a22002537a 4500 | ||
|---|---|---|---|
| 005 | 20100315102214.0 | ||
| 008 | 100315t xxu||||| |||| 00| 0 hin d | ||
| 010 | _aHIN-89129 | ||
| 020 |
_a8187212543 _c275.00 |
||
| 035 | _aHN-61475 | ||
| 037 | _bDBAD / PUB | ||
| 040 |
_aDPL _bHN |
||
| 082 | _aक | ||
| 100 |
_aप्रेमचन्द _91393 |
||
| 245 |
_aसचित्र दुर्गा का मंदिर तथा अन्य कहानियाँ / _cप्रेमचन्द |
||
| 246 |
_aSachitra Durga ka Mandir tatha anya Kahaniyan _bby Prem Chand |
||
| 260 |
_aनई दिल्ली _bश्री ज्वालाजी बुक्स ऐजुकेशनल इण्टरप्राइजेज _c2009 |
||
| 270 |
_aडब्लू जैड-डी-14, प्रथम तल, दयाल सर कालोनी, उत्तम नगर _bनई दिल्ली _e110059 |
||
| 300 |
_a263पृ _c22सेमी (सजिल्द) _bसचित्र |
||
| 650 |
_aलघु कथाएं, हिन्दी _91159 |
||
| 650 |
_aShort stories, Hindi _917318 |
||
| 942 |
_2ddc _cHN _mप्रेमच |
||
| 999 |
_c34661 _d34661 |
||